00000000nam 2200000zi 4500
0019.947388
003CaOODSP
00520250127111827
006m     o  d f      
007cr mn|||||||||
008250127t19911992oncd    ob   f000 0 eng d
020 |z0662198751
040 |aCaOODSP|beng|erda|cCaOODSP
043 |an-cn---
0861 |aZ1-1989/1-41-2E-PDF|zZ1-1989/1-41-2E
24500|aIntercity passenger bus regulation in Canada / |cPeat Marwick Stevenson & Kellogg.
264 1|a[Ottawa] : |b[Royal Commission on National Passenger Transportation], |cJuly 1991.
264 4|c©1992
300 |a1 online resource (1 volume (various pagings)) : |bgraph
336 |atext|btxt|2rdacontent
337 |acomputer|bc|2rdamedia
338 |aonline resource|bcr|2rdacarrier
500 |aIssued also in French under title: Réglementation du transport de passagers par autocar.
500 |a"Report Prepared for the Research Division, Royal Commission on National Passenger Transportation."
500 |a"RR-02."
500 |aIncludes 2 title pages.
500 |aDigitized edition from print [produced by Government of Canada Publications Directorate].
504 |aIncludes bibliographical references.
650 0|aBus lines|xLaw and legislation|zCanada.
650 0|aBus lines|xDeregulation|zCanada.
650 0|aTransportation and state|zCanada.
7101 |aCanada. |bRoyal Commission on National Passenger Transportation. |bResearch Division, |eissuing body.
7102 |aPeat Marwick Stevenson & Kellogg, |econsultant.
77508|tRéglementation du transport de passagers par autocar / |w(CaOODSP)9.947391
85640|qPDF|s4.56 MB|uhttps://publications.gc.ca/collections/collection_2025/bcp-pco/Z1-1989-1-41-2-eng.pdf